000 00331nam a2200157Ia 4500
100 _aDeshpande/P.S
650 _aOracle
942 _cBK
366 _f17.5
654 _aSQL
245 _aSQL & PL/SQL for Oracle 10g
260 _bDream tech
_aMumbai
_c2007
082 _a005.133/DES
_bDES
300 _a980
546 _aENGLISH
999 _c19881
_d19881